JetPunk Mini-Games Logos - Click Quiz - Statistics

General Stats
  • This quiz has been taken 234 times
    49 since last reset
  • The average score is 6 of 7
Answer Stats
Hint Answer % Correct
U.S. State Puzzle
88%
Word Search
85%
Even Split
85%
Typing Speed Test
85%
Minesweeper
80%
Number Factoring Game/Taxman
73%
Geography Snap
60%
No matching quizzes found
Score Distribution
Percent of People with Each Score
Percentile by Number Answered
Your Score History
You have not taken this quiz since the last reset